[Event "LNA - Copa Puma 2007"]
[Site "Villa Martelli"]
[Date "2007.08.18"]
[Round "2.6"]
[White "Iermito, Sebastian"]
[Black "Lalanne, Pablo"]
[Result "1-0"]
[WhiteElo "2319"]
[BlackElo "2219"]
[Annotator "de Dovitiis Alejo"]
[PlyCount "69"]
[EventDate "2007.08.11"]

1. e4 c5 2. Nf3 d6 3. d4 cxd4 4. Nxd4 Nf6 5. Nc3 a6 6. Be2 e6 7. O-O Be7 8. f4
O-O 9. a4 Nc6 10. Be3 Qc7 11. Kh1 Re8 12. Bf3 Rb8 13. g4 Nxd4 (13... Bf8 14. g5
Nd7 15. Bg2 g6 16. Nce2 $5 {/\ Ra3.}) 14. Bxd4 e5 15. fxe5 dxe5 16. Ba7 Ra8 17.
g5 Rd8 (17... Rxa7 18. gxf6 Bxf6 19. Nd5 Qd8 20. Nxf6+ gxf6 21. Qc1 $40) 18.
Qe2 Ne8 19. Be3 Be6 20. Bg4 $1 (20. Qf2 Rdc8 21. Bg4 Nd6 22. Bxe6 fxe6 23. g6
Bf6 24. Qg2 $14 {Fishbein,A-Gligoric,S/Moscow 1989.}) 20... Bc4 (20... Bxg4 21.
Qxg4 $16 {/\ Nd5.}) (20... Nd6 21. Bxe6 fxe6 22. Qg4 $16) (20... Qc6 21. Bxe6
Qxe6 22. Nd5 Rac8 23. c4 $16) (20... Qc4 21. Bxe6 Qxe6 (21... Qxe2 $4 22. Bxf7+
) 22. Qg2 $1 Rac8 23. Nd5 $16 {David, A. - Lukov, Montpellier op 1997.}) 21.
Qf2 (21. Qf3 Bb4 22. Nd5 {1/2 1/2 Hracek - Babula, Slovaquie (ch-t) 2003.})
21... Qc6 (21... Bxf1 $2) 22. b3 Bxf1 23. Rxf1 f6 24. Nd5 Rxd5 25. exd5 Qxd5+
26. Bf3 e4 27. Be2 (27. c4 Qe6 28. Be2 Rd8 29. c5 Qxb3 30. Qf5 $44 {
Khalifman - Akopian V., Ubeda 1997.}) 27... b5 $6 $146 (27... Rc8 28. c4 Qe5
29. Qf5 Qxf5 30. Rxf5 fxg5 31. Re5 Bf6 32. Rxe4 Nd6 33. Bg4 Rc6 34. Be6+ Kf8
35. Rg4 h6 36. b4 $44 {Wen - Wang Rui, Jinan Torch Cup 2005.}) 28. c4 $1 Qe6
29. cxb5 Qxb3 $2 (29... axb5 30. Bc5 Bxc5 31. Qxc5 e3 $1 $132) 30. bxa6 Nd6 31.
Bc5 Rf8 (31... Qe6 32. Qd4 Kh8 33. gxf6 gxf6 34. Bxd6 Qxd6 35. Qxe4 $18 {
/\ Bd3.}) 32. Qd4 $1 Qe6 33. a7 f5 (33... Nf7 34. Bxe7 Qxe7 35. gxf6 gxf6 36.
Rb1 $18) 34. Bxd6 Qxd6 35. Bc4+ (35. Bc4+ Kh8 36. Qd5 Qxd5 37. Bxd5 e3 38. Kg2
$18) 1-0

[Event "Liga Nacional"]
[Site "Villa Martelli"]
[Date "2007.09.09"]
[Round "5.11"]
[White "Della Morte, Pablo"]
[Black "De Dovitiis, Alejo"]
[Result "1/2-1/2"]
[WhiteElo "2283"]
[BlackElo "2326"]
[Annotator "de Dovitiis"]
[PlyCount "66"]
[EventDate "2007.08.11"]

1. e4 c5 2. Nf3 e6 3. d4 cxd4 4. Nxd4 a6 5. Nc3 Qc7 6. Bd3 Nf6 7. O-O Nc6 8.
Nxc6 bxc6 9. Qe2 Bd6 10. f4 e5 11. f5 (11. Kh1 h6 12. Bd2 O-O 13. f5 Re8 14.
Bc4 a5 15. Rf3 Bb4) 11... Bc5+ (11... Be7 12. Kh1 h6 13. Na4 d5 14. c4 Bb7 15.
c5 O-O 16. b3 a5 17. Re1) 12. Kh1 d5 (12... h5 13. Na4 Ba7 14. c4 Bd4 15. Be3
Ng4 16. Bg1 Rb8 17. Rab1 Rb4 $132 {Pimentel,F-Miranda,M/Belo Horizonte 1966})
13. Bg5 Bb7 (13... dxe4 $5) 14. Bxf6 (14. Rae1 O-O (14... h6 $5) 15. exd5 cxd5
16. Qxe5 Qxe5 17. Rxe5 Ng4 18. Re2 Rfe8 $44) 14... gxf6 15. Na4 $146 Qa5 $1 (
15... Be7 16. c4 $16) 16. Nxc5 Qxc5 17. c4 d4 18. a3 (18. b4 $5 Qxb4 19. Rab1
Qe7 20. c5 $44) 18... a5 19. b3 h5 20. Qd2 Ke7 21. b4 Qa7 22. Rab1 Rhb8 $1 23.
c5 (23. Qh6 Rh8) 23... Ba6 24. Kg1 Bxd3 25. Qxd3 axb4 26. axb4 Qa4 27. Qc4 Rb5
$6 (27... Qb5) 28. Rf2 $138 h4 $138 29. Rfb2 Qa3 30. Rb3 Qa2 31. R1b2 Qa1+ 32.
Rb1 Qa2 33. R1b2 Qa1+ 1/2-1/2